Statistics for Countries Indiana Jones has visited

Click here to take the quiz!

General Stats

  • This quiz has been taken 122 times
  • The average score is 14 of 22

Answer Stats

ContinentCountry% Correct
EuropeGermany
93%
South AmericaPeru
93%
North AmericaUnited States of America
93%
South AmericaBrazil
91%
AsiaChina
91%
AfricaEgypt
90%
AsiaIndia
86%
EuropeItaly
82%
South AmericaArgentina
74%
EuropeFrance
72%
EuropeUnited Kingdom
72%
EuropeAustria
70%
Asia/ EuropeTurkey
69%
AsiaNepal
62%
EuropeSpain
57%
EuropePortugal
53%
North AmericaHonduras
52%
South AmericaParaguay
39%
AfricaTunisia
33%
AsiaJordan
30%
AfricaMadagascar
30%
AsiaSri Lanka
15%

Score Distribution

Percentile by Number Answered

Percent of People with Each Score

Your Score History

You have not taken this quiz